General Knowledge Quiz #189 - Statistics

General Stats
  • This quiz has been taken 91,978 times
  • The average score is 14 of 20
Answer Stats
Question Answer % Correct
What part of Dumbo's body was larger than normal? His ears
94%
What are the world's three most important staple crops? Wheat
89%
What are the world's three most important staple crops? Maize
88%
Give an example of a cardinal direction. North, South, East, or West
88%
What is the crime of starting fires called? Arson
87%
In which U.S. state would you find the Grand Canyon? Arizona
86%
What city did Plato live in? Athens
82%
During what party game might people chant "how low can you go"? Limbo
80%
What is either the name of the fairy from "A Midsummer Night's Dream" or something you need to play ice hockey? Puck
80%
In what sport would you say the word "touché" when hit? Fencing
73%
What are the world's three most important staple crops? Rice
73%
In what city would you find the headquarters of the United Nations? New York City
72%
What series of conflicts between England and France lasted 116 years? The Hundred Years' War
67%
What is the nickname of rolling a pair of ones in dice? {Snake} eyes
66%
Who, before Joe Biden, was the only Catholic president in U.S. history? John F. Kennedy
65%
What city is connected to Washington D.C. via the "red telephone"? Moscow
58%
What type of surgery was first performed by South African doctor Christiaan Barnard in 1967? Heart transplant
45%
What word is formed from the ancient Greek words for "star" and "sailor"? Astronaut
34%
In what movie did Tommy Lee Jones search every "farmhouse, henhouse, outhouse, and doghouse" looking for Harrison Ford? The Fugitive
34%
Who named the Pacific Ocean? Ferdinand Magellan
27%
No matching quizzes found
Score Distribution
Percent of People with Each Score
Percentile by Number Answered
Your Score History
You have not taken this quiz